|
|
|
|
| LEADER |
00000cam a2200000 7i4500 |
| 001 |
0000006029 |
| 005 |
20220105104016.0 |
| 008 |
070814 |
| 020 |
|
|
|a 8173010900
|
| 090 |
0 |
0 |
|a JP
|b EL ENG (5880)
|
| 245 |
0 |
0 |
|a My big book of :
|b ABC
|
| 260 |
|
|
|a New Delhi :
|b Dreamland ,
|c 2004
|
| 500 |
|
|
|a Children age 4-6 years old (yellow)
|
| 650 |
|
0 |
|a Early learning
|
| 650 |
|
0 |
|a Junior preschool
|x English
|x Languages
|
| 999 |
|
|
|a 0000981606
|b Book
|c Children Collection
|e Cawangan Muar
|
| 999 |
|
|
|a 0000981607
|b Book
|c Children Collection
|e Perbadanan Perpustakaan Awam Johor
|
| 999 |
|
|
|a 0000981608
|b Book
|c Children Collection
|e Perbadanan Perpustakaan Awam Johor
|
| 999 |
|
|
|a 0000981609
|b Book
|c Children Collection
|e Perbadanan Perpustakaan Awam Johor
|